[Event "II Festival Costa Viola B"]
[Site "Bagnara Calabra ITA"]
[Date "2009.01.02"]
[Round "1"]
[White "Rizzuti, Pasquale"]
[Black "Fariselli, Umberto"]
[Result "1-0"]
[WhiteElo "1824"]
[BlackElo "1518"]
[PlyCount "121"]
[EventDate "2009.01.02"]

1. Nf3 Nf6 2. b3 d6 3. d4 Bg4 4. Nbd2 c6 5. c4 e6 6. h3 Bh5 7. g4 Bg6 8. Bg2
Be7 9. Bb2 h6 10. O-O Nbd7 11. Re1 O-O 12. e4 Qc7 13. Rc1 Nh7 14. d5 e5 15. Nf1
Nc5 16. Ng3 Ng5 17. Nxg5 Bxg5 18. Rc2 a6 19. Nf5 Bxf5 20. gxf5 f6 21. b4 Nd7
22. c5 dxc5 23. d6 Qb6 24. bxc5 Qa5 25. Qe2 Rae8 26. Rd1 Qd8 27. Bf3 Qa5 28.
Qc4+ Kh8 29. a4 Rg8 30. Bh5 Rb8 31. Bf7 Rgf8 32. Bc3 Qxc5 33. Qb3 Qb6 34. Qa2
Bh4 35. a5 Qd8 36. Bb4 Rc8 37. Be6 b6 38. Bxd7 Qxd7 39. axb6 Rb8 40. Qxa6 g6
41. Bc5 gxf5 42. Qf1 Rg8+ 43. Kh1 fxe4 44. Ra1 f5 45. Ra7 Rb7 46. Rca2 Rgb8 47.
Qc4 f4 48. Kh2 e3 49. Rxb7 Rxb7 50. Ra8+ Bd8 51. fxe3 Qe8 52. exf4 exf4 53.
Bd4+ Kh7 54. Qd3+ Kg8 55. Bf6 Rd7 56. Bxd8 Rxd8 57. Rxd8 Qxd8 58. b7 Qb8 59.
Qc4+ Kg7 60. Qxc6 Qg8 61. Qg2+ 1-0

[Event "II Festival Costa Viola B"]
[Site "Bagnara Calabra ITA"]
[Date "2009.01.02"]
[Round "1"]
[White "Scalise, Sandro"]
[Black "Zampaglione, Francesco"]
[Result "1/2-1/2"]
[WhiteElo "1595"]
[BlackElo "1368"]
[PlyCount "110"]
[EventDate "2009.01.02"]

1. d4 d5 2. Nc3 Nf6 3. Bg5 Nbd7 4. f3 h6 5. Bh4 g5 6. Bg3 Bg7 7. Nb5 O-O 8.
Bxc7 Qe8 9. Bg3 Qd8 10. e4 dxe4 11. Bc7 Qe8 12. Be5 exf3 13. Nxf3 Qd8 14. Bc7
Qe8 15. Qd2 a6 16. Nc3 e5 17. Be2 Qe7 18. O-O-O exd4 19. Nxd4 Re8 20. Nf5 Qc5
21. Nxg7 Kxg7 22. Bd6 Qe3 23. Kb1 Qxd2 24. Rxd2 Ne4 25. Nxe4 Rxe4 26. Bf3 Re6
27. Bb4 Nf6 28. Bc3 Kg6 29. Re2 Rxe2 30. Bxe2 Bg4 31. Bd3+ Bf5 32. Rf1 Ne4 33.
g4 Nxc3+ 34. bxc3 Bxd3 35. cxd3 Re8 36. Rf2 Re3 37. Kc2 Rh3 38. d4 h5 39. gxh5+
Rxh5 40. Kd3 f5 41. d5 Kf6 42. Re2 Rh7 43. Re6+ Kf7 44. Kd4 Rxh2 45. Ke5 Re2+
46. Kxf5 Rxe6 47. dxe6+ Ke7 48. Kxg5 Kxe6 49. Kf4 Kd5 50. Ke3 Kc4 51. Kd2 b5
52. Kc2 a5 53. a4 bxa4 54. Kb2 a3+ 55. Kxa3 Kxc3 1/2-1/2

[Event "II Festival Costa Viola B"]
[Site "Bagnara Calabra ITA"]
[Date "2009.01.02"]
[Round "1"]
[White "Soluri, Francesco"]
[Black "Familari, Giuseppe"]
[Result "0-1"]
[WhiteElo "1485"]
[BlackElo "1822"]
[PlyCount "51"]
[EventDate "2009.01.02"]

1. b3 d5 2. d4 Nf6 3. Nf3 c5 4. Bg5 Nbd7 5. Nbd2 Qa5 6. Bxf6 Nxf6 7. e3 e6 8.
Bd3 Bd6 9. O-O O-O 10. Re1 cxd4 11. exd4 Bd7 12. c4 Bf4 13. Re2 Qc3 14. Bc2
dxc4 15. bxc4 Bc6 16. Ne4 Qxc4 17. Nxf6+ gxf6 18. Be4 Rad8 19. Bxc6 Qxc6 20.
Rc2 Qe4 21. Re2 Qf5 22. Qc2 Qg4 23. Rd1 Kh8 24. Rd3 Rg8 25. Ne1 Rc8 26. Qb3 0-1

[Event "II Festival Costa Viola B"]
[Site "Bagnara Calabra ITA"]
[Date "2009.01.03"]
[Round "2"]
[White "Arcidiaco, Francesco"]
[Black "Altomonte, Giuseppe"]
[Result "0-1"]
[WhiteElo "1593"]
[BlackElo "1743"]
[PlyCount "104"]
[EventDate "2009.01.02"]

1. e4 c5 2. c3 Nf6 3. e5 Nd5 4. Nf3 Nc6 5. Bc4 e6 6. Bxd5 exd5 7. O-O Be7 8. d4
c4 9. Bf4 O-O 10. Re1 d6 11. exd6 Bxd6 12. Bxd6 Qxd6 13. Nbd2 Bf5 14. Ne5 Rfe8
15. Nxc6 Qxc6 16. Qf3 Bd3 17. b3 Rxe1+ 18. Rxe1 Re8 19. Rxe8+ Qxe8 20. Qe3 Qxe3
21. fxe3 b5 22. b4 f6 23. Kf2 Kf7 24. Kf3 f5 25. Kf4 Kf6 26. h4 Be2 27. Nf3 g6
28. Ne5 h6 29. Nc6 a6 30. Nb8 Bf1 31. Kf3 Ke6 32. Nxa6 Kd6 33. Nc5 Bd3 34. a4
Be4+ 35. Kf2 bxa4 36. Nxa4 g5 37. hxg5 hxg5 38. Nc5 f4 39. exf4 gxf4 40. b5 Kc7
41. Ne6+ Kb6 42. Nxf4 Kxb5 43. g4 Kc6 44. Ke3 Kd6 45. Nh5 Ke6 46. Kf4 Bd3 47.
Ng3 Kf6 48. Nh1 Bc2 49. Nf2 Bb1 50. g5+ Ke6 51. Ng4 Bd3 52. Ne5 Bc2 0-1

[Event "II Festival Costa Viola B"]
[Site "Bagnara Calabra ITA"]
[Date "2009.01.03"]
[Round "2"]
[White "Carrozza, Gregorio"]
[Black "Caporale, Giuseppe Guido"]
[Result "0-1"]
[WhiteElo "1595"]
[BlackElo "1815"]
[PlyCount "86"]
[EventDate "2009.01.02"]

1. e4 d5 2. exd5 Qxd5 3. Nc3 Qd6 4. h3 Nf6 5. d4 a6 6. Nf3 Nc6 7. Be3 Bf5 8.
Bd3 Bxd3 9. Qxd3 e6 10. a3 O-O-O 11. O-O h6 12. b4 e5 13. Qf5+ Qd7 14. Qxd7+
Nxd7 15. Rfb1 b5 16. d5 Ne7 17. a4 Nb6 18. axb5 Nexd5 19. Nxd5 Nxd5 20. bxa6
Bd6 21. Bd2 c6 22. c4 Ne7 23. b5 cxb5 24. cxb5 e4 25. Nd4 Be5 26. Be3 Bxd4 27.
Bxd4 Rxd4 28. b6 Kb8 29. Ra5 Rhd8 30. Kh2 R4d5 31. Ra4 f5 32. g4 Rd2 33. gxf5
e3 34. Re4 exf2 35. Kg2 Nd5 36. Rh4 Ne3+ 37. Kf3 f1=Q+ 38. Rxf1 Nxf1 39. f6
R8d3+ 40. Ke4 Re3+ 41. Kf5 Rf2+ 42. Kg6 Rg3+ 43. Kf7 Rxf6+ 0-1

[Event "II Festival Costa Viola B"]
[Site "Bagnara Calabra ITA"]
[Date "2009.01.03"]
[Round "2"]
[White "Ceravolo, Alberto"]
[Black "Ielapi, Vito"]
[Result "0-1"]
[WhiteElo "1652"]
[BlackElo "1884"]
[PlyCount "50"]
[EventDate "2009.01.02"]

1. e3 b6 2. f4 Bb7 3. Nf3 e6 4. d4 Nf6 5. Bd3 h6 6. Qe2 Ne4 7. Nbd2 d5 8. O-O
Be7 9. Bxe4 dxe4 10. Ne5 O-O 11. a3 a5 12. c4 Nd7 13. Qg4 Nf6 14. Qe2 c5 15.
Nb3 a4 16. Nd2 cxd4 17. exd4 Qxd4+ 18. Kh1 Bd6 19. Ng4 Nxg4 20. Qxg4 f5 21. Qg3
e5 22. fxe5 Bxe5 23. Qh3 Rf6 24. Rxf5 Bc8 25. Rxf6 Bxh3 0-1

[Event "II Festival Costa Viola B"]
[Site "Bagnara Calabra ITA"]
[Date "2009.01.03"]
[Round "2"]
[White "Della Rocca, Giorgio"]
[Black "Carbone, Stefano"]
[Result "1-0"]
[WhiteElo "1893"]
[BlackElo "1665"]
[PlyCount "45"]
[EventDate "2009.01.02"]

1. c4 g6 2. Nc3 Bg7 3. e4 d6 4. Nf3 Nc6 5. g3 e5 6. Bg2 Nge7 7. d3 O-O 8. O-O
h6 9. Be3 f5 10. Qd2 Kh7 11. Rad1 fxe4 12. dxe4 Bg4 13. Qe2 b6 14. Ng5+ hxg5
15. Qxg4 Qe8 16. Bxg5 Nd4 17. Qh4+ Kg8 18. Bxe7 Rf7 19. Nd5 Rc8 20. Rxd4 exd4
21. Bh3 c6 22. Bxc8 Qxc8 23. Nf4 1-0

[Event "II Festival Costa Viola B"]
[Site "Bagnara Calabra ITA"]
[Date "2009.01.03"]
[Round "2"]
[White "Familari, Giuseppe"]
[Black "Olivo, Paolo"]
[Result "1-0"]
[WhiteElo "1822"]
[BlackElo "1607"]
[PlyCount "91"]
[EventDate "2009.01.02"]

1. e4 c5 2. Nf3 d6 3. d4 cxd4 4. Nxd4 Nf6 5. Nc3 a6 6. Be3 e6 7. f3 Be7 8. g4
Qb6 9. Qd2 Qxb2 10. Nb3 Qa3 11. g5 Nfd7 12. f4 Nc5 13. Bg2 Nxb3 14. cxb3 Qa5
15. O-O Nc6 16. Rac1 Bd7 17. f5 exf5 18. exf5 Bxf5 19. Nd5 Be6 20. Qxa5 Nxa5
21. Nc7+ Kd7 22. Nxa8 Rxa8 23. h4 f6 24. Be4 fxg5 25. hxg5 g6 26. Rc2 Nc6 27.
Rfc1 d5 28. Rd2 Bb4 29. Rdd1 Ne7 30. Bb6 Bd6 31. Bg2 Rf8 32. Rc3 Rf5 33. Be3
Bf4 34. Bxf4 Rxf4 35. Bh3 Bxh3 36. Rxh3 Rf7 37. Rd4 Rf5 38. Rxh7 Rxg5+ 39. Kf2
Kc6 40. Rxe7 Rf5+ 41. Kg3 Kc5 42. Rf4 Rg5+ 43. Rg4 Rxg4+ 44. Kxg4 Kd4 45. Rxb7
Kc3 46. Ra7 1-0

[Event "II Festival Costa Viola B"]
[Site "Bagnara Calabra ITA"]
[Date "2009.01.03"]
[Round "2"]
[White "Ielapi, Gianbattista"]
[Black "Fico, Tommaso"]
[Result "1-0"]
[WhiteElo "1752"]
[BlackElo "1583"]
[PlyCount "79"]
[EventDate "2009.01.02"]

1. d4 Nf6 2. Nf3 c5 3. e3 d5 4. b3 Bg4 5. c4 e6 6. Nbd2 Be7 7. Bd3 O-O 8. O-O
Nc6 9. Bb2 dxc4 10. Nxc4 cxd4 11. exd4 Nb4 12. Be2 Nbd5 13. Ne3 Bxf3 14. Bxf3
Rc8 15. Rc1 Qa5 16. a3 b5 17. Nxd5 Nxd5 18. Qd3 a6 19. Rc2 Rcd8 20. b4 Qb6 21.
Rfc1 Bg5 22. Rc6 Qa7 23. R1c2 g6 24. Bc1 Bf6 25. Be3 h5 26. Bxd5 Rxd5 27. R2c5
Rfd8 28. Rxd5 Rxd5 29. Rc5 Qd7 30. g3 e5 31. Qe4 Rxc5 32. dxc5 Bg7 33. c6 Qc7
34. Qd5 Kf8 35. f4 Ke8 36. Bc5 exf4 37. gxf4 Bh6 38. Qe4+ Kd8 39. Qd4+ Kc8 40.
Qh8+ 1-0

[Event "II Festival Costa Viola B"]
[Site "Bagnara Calabra ITA"]
[Date "2009.01.03"]
[Round "2"]
[White "Mercuri, Delia"]
[Black "Pirrotta, Domenico"]
[Result "1-0"]
[WhiteElo "1442"]
[BlackElo "1359"]
[PlyCount "35"]
[EventDate "2009.01.02"]

1. e4 e5 2. Nf3 Nc6 3. Bb5 d6 4. h3 Bd7 5. O-O a6 6. Bxc6 Bxc6 7. Nc3 Nf6 8. d3
Qe7 9. Bg5 O-O-O 10. Qe2 d5 11. exd5 Bxd5 12. Nxe5 h6 13. Bh4 g5 14. Bg3 Bg7
15. Rfe1 Rhe8 16. Qe3 Nh5 17. Qa7 Nxg3 18. Qa8# 1-0

[Event "II Festival Costa Viola B"]
[Site "Bagnara Calabra ITA"]
[Date "2009.01.03"]
[Round "2"]
[White "Russo, Arianna"]
[Black "Scalise, Sandro"]
[Result "1/2-1/2"]
[WhiteElo "1647"]
[BlackElo "1595"]
[PlyCount "38"]
[EventDate "2009.01.02"]

1. d4 Nf6 2. c4 e6 3. Nc3 b6 4. e4 d5 5. cxd5 exd5 6. e5 Ne4 7. Nxe4 dxe4 8.
Bc4 Bb4+ 9. Bd2 Bxd2+ 10. Qxd2 O-O 11. Ne2 Nc6 12. O-O Nxe5 13. Bb3 Bb7 14.
Rfd1 Ng4 15. Qf4 Nf6 16. Rac1 Rc8 17. Rc2 Qd6 18. Rdc1 Nh5 19. Qg4 Nf6 1/2-1/2

[Event "II Festival Costa Viola B"]
[Site "Bagnara Calabra ITA"]
[Date "2009.01.03"]
[Round "2"]
[White "Russo, Biagio"]
[Black "Zampaglione, Francesco"]
[Result "1-0"]
[WhiteElo "1455"]
[BlackElo "1368"]
[PlyCount "49"]
[EventDate "2009.01.02"]

1. d4 d5 2. c4 Nf6 3. Nc3 c6 4. Bg5 Nbd7 5. e3 h6 6. Bf4 e6 7. h3 Bb4 8. Bd3
Qa5 9. Nge2 O-O 10. O-O b6 11. a3 Bxc3 12. Nxc3 dxc4 13. Bxc4 Ba6 14. b4 Qf5
15. Bxa6 b5 16. Bb7 Rab8 17. Bxc6 Rfc8 18. Bxb8 Rxc6 19. Nxb5 Qxb5 20. Bxa7 Rc7
21. Bc5 Nxc5 22. bxc5 Nd5 23. Qb1 Qa6 24. e4 Nc3 25. Qb8+ 1-0

[Event "II Festival Costa Viola B"]
[Site "Bagnara Calabra ITA"]
[Date "2009.01.03"]
[Round "2"]
[White "Russo, Carmelo"]
[Black "Pratico', Paolo"]
[Result "1-0"]
[WhiteElo "1724"]
[BlackElo "1317"]
[PlyCount "83"]
[EventDate "2009.01.02"]

1. d4 d6 2. c4 e6 3. Nf3 Nf6 4. Nc3 b6 5. e4 Ng4 6. h3 Nf6 7. Bd3 g6 8. Bg5 Be7
9. O-O Nbd7 10. Bh6 Ng8 11. Bg7 Bf6 12. Bxh8 Bxh8 13. Re1 Bb7 14. d5 e5 15. b4
Qe7 16. a4 f5 17. a5 Nh6 18. axb6 Nxb6 19. Qc1 Bg7 20. Nb5 a6 21. Nc3 f4 22.
Na4 Nxa4 23. Rxa4 Qd7 24. Ra5 g5 25. Nxg5 Bf6 26. Ne6 c6 27. Be2 Ke7 28. Rd1
cxd5 29. exd5 Rg8 30. Bf3 Nf5 31. c5 Nh4 32. Kh2 Nxf3+ 33. gxf3 Bh4 34. c6 Bxc6
35. Qxc6 Bxf2 36. Qxd7+ Kxd7 37. Ra2 Bg3+ 38. Kh1 Rb8 39. Rb1 Rb5 40. Ra5 Rxd5
41. Nf8+ Kc6 42. Rc1+ 1-0

[Event "II Festival Costa Viola B"]
[Site "Bagnara Calabra ITA"]
[Date "2009.01.03"]
[Round "2"]
[White "Tricomi, Massimo"]
[Black "Paragliola, Gennaro"]
[Result "1-0"]
[WhiteElo "1874"]
[BlackElo "1643"]
[PlyCount "69"]
[EventDate "2009.01.02"]

1. e4 g6 2. d4 d6 3. Nc3 Bg7 4. Nf3 Nf6 5. Be2 O-O 6. O-O e5 7. dxe5 dxe5 8.
Qxd8 Rxd8 9. Bg5 Nc6 10. Nd5 Rd6 11. Nxc7 Rb8 12. Bxf6 Bxf6 13. Ne8 Re6 14.
Nxf6+ Rxf6 15. c3 Bg4 16. Rfd1 Kf8 17. h3 Be6 18. Ng5 Kg7 19. Rd6 h6 20. Nxe6+
Rxe6 21. Rxe6 fxe6 22. Rd1 Rd8 23. Rxd8 Nxd8 24. Bc4 Kf6 25. Kh2 Nf7 26. Kg3 h5
27. Bb3 g5 28. f3 b6 29. h4 a6 30. hxg5+ Kxg5 31. Bxe6 h4+ 32. Kh3 Nd8 33. Bd5
b5 34. b3 a5 35. c4 1-0

[Event "II Festival Costa Viola B"]
[Site "Bagnara Calabra ITA"]
[Date "2009.01.04"]
[Round "3"]
[White "Altomonte, Giuseppe"]
[Black "Tricomi, Massimo"]
[Result "1-0"]
[WhiteElo "1743"]
[BlackElo "1874"]
[PlyCount "73"]
[EventDate "2009.01.02"]

1. d4 Nf6 2. c4 e6 3. Nc3 Bb4 4. a3 Bxc3+ 5. bxc3 c5 6. e3 Nc6 7. Nf3 O-O 8. d5
Na5 9. Ng5 b6 10. Bd3 Ba6 11. Qe2 exd5 12. cxd5 Bxd3 13. Qxd3 c4 14. Qf5 g6 15.
Qf3 Nb3 16. Rb1 Nxc1 17. Rxc1 Qe7 18. O-O Qe5 19. h4 h6 20. Nh3 Nxd5 21. Rfd1
Nf6 22. Rd4 Rac8 23. g4 g5 24. hxg5 hxg5 25. Rcd1 Kg7 26. Rd5 Nxd5 27. Rxd5 Qe7
28. Rxg5+ Kh6 29. Qf4 Kh7 30. Rh5+ Kg8 31. Qh6 f6 32. Qh8+ Kf7 33. Rh7+ Kg6 34.
Nf4+ Kg5 35. Rg7+ Qxg7 36. Qxg7+ Kh4 37. Ng6+ 1-0

[Event "II Festival Costa Viola B"]
[Site "Bagnara Calabra ITA"]
[Date "2009.01.04"]
[Round "3"]
[White "Attina', Rodolfo"]
[Black "Russo, Arianna"]
[Result "0-1"]
[WhiteElo "1398"]
[BlackElo "1647"]
[PlyCount "85"]
[EventDate "2009.01.02"]

1. Nf3 Nf6 2. b3 e6 3. e3 d5 4. Bb2 c5 5. c3 Nc6 6. d4 Bd6 7. g3 O-O 8. Nbd2
Bd7 9. Ba3 Qa5 10. Qc1 Be7 11. Rb1 Rac8 12. Qb2 cxd4 13. Bxe7 Nxe7 14. cxd4 Rc7
15. b4 Qb6 16. b5 Rfc8 17. Bd3 a6 18. O-O Rc3 19. Ne5 Be8 20. a4 Nd7 21. Nxd7
Bxd7 22. a5 Qxa5 23. Ra1 Qb6 24. Qb1 g6 25. bxa6 Qxb1 26. Raxb1 bxa6 27. Bxa6
Ra8 28. Rb7 Bc6 29. Rxe7 Rxa6 30. Rc7 Rc2 31. Nf3 Ba4 32. Rxc2 Bxc2 33. Ne5 Rb6
34. f3 Rb1 35. h4 Rxf1+ 36. Kxf1 Kg7 37. Nd7 Bd3+ 38. Ke1 f5 39. Nc5 Bc4 40.
Nxe6+ Kf6 41. Nc5 Bb5 42. f4 Bc6 43. Kd2 0-1

[Event "II Festival Costa Viola B"]
[Site "Bagnara Calabra ITA"]
[Date "2009.01.04"]
[Round "3"]
[White "Caporale, Giuseppe Guido"]
[Black "Della Rocca, Giorgio"]
[Result "1-0"]
[WhiteElo "1815"]
[BlackElo "1893"]
[PlyCount "95"]
[EventDate "2009.01.02"]

1. e4 g6 2. d4 Bg7 3. Nf3 d6 4. Nc3 Bg4 5. Bc4 e6 6. Be3 a6 7. h3 Bxf3 8. Qxf3
c5 9. dxc5 Qa5 10. O-O Bxc3 11. bxc3 Qxc3 12. Qe2 Nf6 13. Rad1 Nc6 14. cxd6 O-O
15. f3 Nh5 16. Qd3 Qxd3 17. Bxd3 Ne5 18. Kf2 f5 19. exf5 gxf5 20. Bd4 Nxd3+ 21.
Rxd3 Rac8 22. Rd2 f4 23. Re1 Rc6 24. Rxe6 Ng3 25. Bb2 Nf5 26. Ba3 Rd8 27. Rf6
Ne3 28. Rxf4 Nc4 29. Rd3 Nxa3 30. Rxa3 Rxc2+ 31. Kg3 Rxd6 32. Re3 Rg6+ 33. Rg4
Rxg4+ 34. hxg4 Rxa2 35. Re7 Rb2 36. f4 b5 37. Ra7 Ra2 38. Kh4 b4 39. Kg5 Kf8
40. Kf6 Ke8 41. Rxh7 Rxg2 42. g5 b3 43. Rb7 b2 44. g6 a5 45. g7 a4 46. Rxb2 Rg4
47. g8=Q+ Rxg8 48. Rb8+ 1-0

[Event "II Festival Costa Viola B"]
[Site "Bagnara Calabra ITA"]
[Date "2009.01.04"]
[Round "3"]
[White "Carbone, Stefano"]
[Black "Musico', Guglielmo"]
[Result "1/2-1/2"]
[WhiteElo "1665"]
[BlackElo "1578"]
[PlyCount "92"]
[EventDate "2009.01.02"]

1. e4 g6 2. d4 d6 3. Nc3 Bg7 4. Be3 Nf6 5. Be2 c6 6. a4 a5 7. h3 O-O 8. Nf3
Nbd7 9. O-O Qc7 10. Qd2 e5 11. dxe5 Nxe5 12. Rfd1 Nxf3+ 13. Bxf3 Rd8 14. Bf4
Ne8 15. Bg5 f6 16. Bh4 Be6 17. Qe2 Rd7 18. Bg4 Bxg4 19. Qxg4 Rf7 20. Rac1 f5
21. exf5 Rxf5 22. Qe2 d5 23. Bg3 Qf7 24. Re1 Nf6 25. Qe7 Rf8 26. f3 Nh5 27.
Qxf7+ R5xf7 28. Bd6 Rd8 29. Be5 Bf8 30. Ne2 Re8 31. Bc3 Bc5+ 32. Bd4 Bxd4+ 33.
Nxd4 Rfe7 34. Rxe7 Rxe7 35. Kf2 Kf7 36. Re1 Rxe1 37. Kxe1 Nf4 38. Kf2 Kf6 39.
Ne2 Nxe2 40. Kxe2 Ke5 41. g3 b5 42. axb5 cxb5 43. Kd3 d4 44. c3 dxc3 45. Kxc3
Kd5 46. f4 h6 1/2-1/2

[Event "II Festival Costa Viola B"]
[Site "Bagnara Calabra ITA"]
[Date "2009.01.04"]
[Round "3"]
[White "Fico, Tommaso"]
[Black "Arcidiaco, Francesco"]
[Result "0-1"]
[WhiteElo "1583"]
[BlackElo "1593"]
[PlyCount "60"]
[EventDate "2009.01.02"]

1. e4 c5 2. d4 cxd4 3. c3 dxc3 4. Nxc3 e5 5. Bc4 Nf6 6. Nf3 Be7 7. Nxe5 O-O 8.
Qb3 Qe8 9. O-O a6 10. Bg5 Nc6 11. Nxc6 dxc6 12. Rae1 b5 13. Bd3 Be6 14. Qc2 h6
15. Bc1 Rd8 16. f4 Rxd3 17. Qxd3 Bc4 18. Qf3 Bxf1 19. Kxf1 b4 20. e5 Nd7 21.
Ne4 Qc8 22. Ng3 Bh4 23. Rd1 Bxg3 24. Qxg3 Nb6 25. Qf3 Nd5 26. Be3 Qf5 27. g3
Rd8 28. g4 Nxe3+ 29. Qxe3 Rxd1+ 30. Ke2 Qxg4+ 0-1

[Event "II Festival Costa Viola B"]
[Site "Bagnara Calabra ITA"]
[Date "2009.01.04"]
[Round "3"]
[White "Ielapi, Vito"]
[Black "Familari, Giuseppe"]
[Result "0-1"]
[WhiteElo "1884"]
[BlackElo "1822"]
[PlyCount "54"]
[EventDate "2009.01.02"]

1. d4 Nf6 2. Nf3 b6 3. e3 Bb7 4. Bd3 e6 5. O-O Be7 6. Nbd2 g5 7. e4 g4 8. Ne1
c5 9. dxc5 bxc5 10. e5 Nd5 11. Qxg4 Nc6 12. Qg7 Rf8 13. Ne4 Qc7 14. Nf6+ Nxf6
15. exf6 Bd6 16. Nf3 Ne5 17. Nxe5 Bxe5 18. g3 h5 19. c3 h4 20. Qg4 hxg3 21.
hxg3 O-O-O 22. Be4 Rg8 23. Qf3 Bxe4 24. Qxe4 Bxg3 25. Qa8+ Qb8 26. Qxb8+ Bxb8+
27. Kh1 Rg6 0-1

[Event "II Festival Costa Viola B"]
[Site "Bagnara Calabra ITA"]
[Date "2009.01.04"]
[Round "3"]
[White "Mercuri, Delia"]
[Black "Pallonetto, Cristofaro"]
[Result "0-1"]
[WhiteElo "1442"]
[BlackElo "1473"]
[PlyCount "130"]
[EventDate "2009.01.02"]

1. e4 e5 2. Nf3 d6 3. h3 Be6 4. Bb5+ c6 5. Ba4 Nd7 6. c3 Ngf6 7. Bc2 Nc5 8. d3
h6 9. O-O Qd7 10. Kh2 g5 11. Ng1 g4 12. h4 Rg8 13. g3 O-O-O 14. b4 Na6 15. a4
d5 16. Qe2 dxe4 17. dxe4 h5 18. Rd1 Bd6 19. Be3 Kb8 20. Na3 Qc7 21. Rd2 Rd7 22.
Rad1 Rgd8 23. Bg5 Be7 24. Bd3 Bb3 25. Rb1 Bxa4 26. Rbb2 Ka8 27. Bxa6 Rxd2 28.
Bxb7+ Kxb7 29. Bxd2 a6 30. Qe3 Rd7 31. Nc4 Bb5 32. Na5+ Kb8 33. c4 Ba4 34. Ra2
Bd1 35. Ra1 Bc2 36. Ra3 Bxe4 37. c5 Bd5 38. Qe2 Ka7 39. Nc4 Bxc4 40. Qxc4 Qb7
41. Be3 Nd5 42. Bd2 Nc7 43. Be3 Nb5 44. Ra5 Bd8 45. Ra1 f6 46. Ne2 Be7 47. Nc3
Nxc3 48. Qxc3 Bd8 49. b5 Qxb5 50. Qc2 Be7 51. Qf5 Rb7 52. Rc1 Qe2 53. Qxh5 a5
54. Qe8 Qf3 55. Qf7 Ka6 56. Qc4+ Rb5 57. Qe6 Rb7 58. Qxc6+ Qxc6 59. h5 f5 60.
h6 Bf6 61. Rd1 Rd7 62. Rb1 Bd8 63. Bg5 Bxg5 64. Rb6+ Qxb6 65. cxb6 Kxb6 0-1

[Event "II Festival Costa Viola B"]
[Site "Bagnara Calabra ITA"]
[Date "2009.01.04"]
[Round "3"]
[White "Olivo, Paolo"]
[Black "Lanza, Giuseppe"]
[Result "1-0"]
[WhiteElo "1607"]
[BlackElo "1521"]
[PlyCount "57"]
[EventDate "2009.01.02"]

1. e4 d5 2. exd5 Nf6 3. d4 Nxd5 4. Nf3 Bg4 5. Be2 e6 6. h3 Bxf3 7. Bxf3 g6 8.
c4 Bb4+ 9. Bd2 O-O 10. cxd5 Bxd2+ 11. Qxd2 exd5 12. O-O c6 13. Nc3 Nd7 14. Rfe1
Nf6 15. Re5 Nd7 16. Re3 f5 17. Rae1 Rf7 18. Qe2 Kf8 19. b4 Nb6 20. Re6 Nc4 21.
b5 Qd7 22. a4 Rc8 23. Nb1 cxb5 24. axb5 Rc7 25. Nc3 Nd6 26. Nxd5 Ne4 27. Nxc7
Qxc7 28. Bxe4 fxe4 29. Qxe4 1-0

[Event "II Festival Costa Viola B"]
[Site "Bagnara Calabra ITA"]
[Date "2009.01.04"]
[Round "3"]
[White "Paragliola, Gennaro"]
[Black "Vallone, Rosario"]
[Result "1-0"]
[WhiteElo "1643"]
[BlackElo "1524"]
[PlyCount "83"]
[EventDate "2009.01.02"]

1. d4 Nf6 2. c4 g6 3. Nc3 Bg7 4. e4 d6 5. Nf3 O-O 6. Be2 c6 7. O-O Na6 8. a3
Nc7 9. Be3 Qe8 10. Qd2 Ng4 11. Bf4 e5 12. Bg3 exd4 13. Nxd4 Qe7 14. f3 Nf6 15.
Rfe1 Rd8 16. Rad1 Nce8 17. b4 Nh5 18. Bf2 d5 19. cxd5 cxd5 20. Nxd5 Qe5 21. Bc4
Be6 22. g4 Nf4 23. Bg3 Bh6 24. Bxf4 Bxf4 25. Qxf4 Qxf4 26. Nxf4 Bxc4 27. Nde2
Rac8 28. Rxd8 Rxd8 29. Rc1 b5 30. Nc3 Rd2 31. Rd1 Rc2 32. Nfd5 Kg7 33. Ra1 g5
34. a4 a6 35. axb5 axb5 36. Ra5 Be2 37. Nxe2 Rxe2 38. Rxb5 Nd6 39. Rb8 Kg6 40.
b5 Rb2 41. b6 Nc4 42. b7 1-0

[Event "II Festival Costa Viola B"]
[Site "Bagnara Calabra ITA"]
[Date "2009.01.04"]
[Round "3"]
[White "Pratico', Paolo"]
[Black "Carrozza, Gregorio"]
[Result "0-1"]
[WhiteElo "1317"]
[BlackElo "1595"]
[PlyCount "44"]
[EventDate "2009.01.02"]

1. e3 e5 2. g3 d5 3. Bg2 Nf6 4. Bf3 Bd6 5. c3 O-O 6. b4 c6 7. a4 e4 8. Be2 Nbd7
9. a5 Ne5 10. h4 Bg4 11. Qc2 Bxe2 12. Nxe2 Nd3+ 13. Kf1 Ng4 14. Nf4 Bxf4 15.
exf4 Ngxf2 16. Rh2 Ng4 17. Re2 Qd7 18. c4 Nh6 19. Kg2 Qg4 20. Re3 Nf5 21. Kh2
d4 22. Rxe4 Qxg3+ 0-1

[Event "II Festival Costa Viola B"]
[Site "Bagnara Calabra ITA"]
[Date "2009.01.04"]
[Round "3"]
[White "Rizzuti, Pasquale"]
[Black "Ielapi, Gianbattista"]
[Result "1-0"]
[WhiteElo "1824"]
[BlackElo "1752"]
[PlyCount "71"]
[EventDate "2009.01.02"]

1. b3 d6 2. f4 Nf6 3. Nf3 g6 4. Bb2 Bg7 5. e3 Nc6 6. Be2 O-O 7. O-O Re8 8. d4
e6 9. c4 Ne7 10. Nc3 d5 11. Ne5 c6 12. Qe1 Nd7 13. Rd1 b6 14. e4 Bb7 15. cxd5
cxd5 16. Nxd7 Qxd7 17. e5 a6 18. Na4 Qd8 19. Bd3 Bc8 20. Rc1 Bd7 21. Nc3 Nc6
22. Qf2 f6 23. Ba3 b5 24. Bc5 Bf8 25. b4 Nxb4 26. Bxb4 Bxb4 27. Qg3 Kg7 28. h4
f5 29. h5 Qe7 30. hxg6 hxg6 31. Bxf5 Bxc3 32. Qxg6+ Kf8 33. Rxc3 exf5 34. Rh3
Qf7 35. Rh8+ Ke7 36. Qg5+ 1-0

[Event "II Festival Costa Viola B"]
[Site "Bagnara Calabra ITA"]
[Date "2009.01.04"]
[Round "3"]
[White "Russo, Carmelo"]
[Black "Russo, Biagio"]
[Result "0-1"]
[WhiteElo "1724"]
[BlackElo "1455"]
[PlyCount "110"]
[EventDate "2009.01.02"]

1. d4 Nf6 2. c4 g6 3. Nc3 Bg7 4. e4 d6 5. Nf3 O-O 6. Be2 Nbd7 7. O-O a5 8. Bg5
c5 9. Qd2 cxd4 10. Nxd4 Nc5 11. f3 Bd7 12. Rad1 Qb6 13. Kh1 a4 14. Ndb5 Bc6 15.
Bh6 Rac8 16. Bxg7 Kxg7 17. Qc2 Ra8 18. Qd2 Rae8 19. Qd4 Kg8 20. Rd2 Nfd7 21.
Nd5 Bxd5 22. exd5 Qa5 23. Rfd1 f6 24. Qh4 Rf7 25. Rd4 Rg7 26. f4 Rf8 27. Qg3
Rff7 28. Bg4 f5 29. Bf3 h6 30. h4 h5 31. R4d2 Nf6 32. Nc3 Qb4 33. a3 Qxc4 34.
Be2 Qb3 35. Kh2 Nfe4 36. Nxe4 Nxe4 37. Qxb3 axb3 38. Rd4 Nc5 39. Rb4 Rf8 40.
Bc4 Rb8 41. Bxb3 Rf7 42. Bc2 Rff8 43. Rb6 Ra8 44. Ra1 Rfb8 45. b4 Nd7 46. Rb5
Ra7 47. a4 Rc8 48. Bd1 Rc4 49. Bf3 Kf7 50. a5 b6 51. a6 Ke8 52. Ra2 Kf7 53. Be2
Rc8 54. Bd3 Rca8 55. Bc4 Rxa6 0-1

[Event "II Festival Costa Viola B"]
[Site "Bagnara Calabra ITA"]
[Date "2009.01.04"]
[Round "3"]
[White "Scalise, Sandro"]
[Black "Fariselli, Umberto"]
[Result "1-0"]
[WhiteElo "1595"]
[BlackElo "1518"]
[PlyCount "41"]
[EventDate "2009.01.02"]

1. d4 e6 2. e4 Nf6 3. Bg5 Be7 4. Bxf6 Bxf6 5. e5 Be7 6. Qg4 O-O 7. Nf3 c5 8.
Nc3 a6 9. Bd3 g6 10. h4 h5 11. Qg3 Kh7 12. O-O-O Nc6 13. dxc5 Rg8 14. Ne4 Qa5
15. a3 Qd8 16. Nd6 Rf8 17. Nxf7 Rg8 18. Nxd8 Nxd8 19. Ng5+ Kg7 20. Qe3 Nc6 21.
Qe4 1-0

[Event "II Festival Costa Viola B"]
[Site "Bagnara Calabra ITA"]
[Date "2009.01.04"]
[Round "3"]
[White "Scerra, Ezio"]
[Black "Mileo, Miguelito"]
[Result "0-1"]
[WhiteElo "1350"]
[BlackElo "1638"]
[PlyCount "72"]
[EventDate "2009.01.02"]

1. c4 c6 2. Nf3 d5 3. d4 Nf6 4. g3 Bf5 5. Bg2 e6 6. O-O Nbd7 7. Nc3 Be7 8. c5
h6 9. Re1 Bh7 10. b4 O-O 11. Nd2 b6 12. e4 bxc5 13. bxc5 Qa5 14. Bb2 Rab8 15.
Nb3 Qc7 16. e5 Ne8 17. Ne2 Qc8 18. Bc1 Nc7 19. Nf4 Qe8 20. Nh5 f5 21. exf6 Nxf6
22. Nf4 Bf5 23. f3 Qd7 24. Nd3 Nh7 25. Ne5 Qe8 26. Na5 Bf6 27. Naxc6 Rb7 28.
Bd2 Ng5 29. Qe2 Rb2 30. g4 Bh7 31. h4 Nf7 32. a4 Bxh4 33. Rec1 Bg5 34. Nd3 Rxd2
35. Qxd2 Bxd2 36. Rcb1 Qxc6 0-1